| 000 | 01019nam0a2200289 4500 | ||
|---|---|---|---|
| 001 | RU\NLR\BIBL_A\022195806 | ||
| 005 | 20250625154439.0 | ||
| 035 | _a(NLR Aleph) 022195806 | ||
| 090 |
_a13028047 _c13028047 |
||
| 100 | _a20240412d2000 |||y0rusy50 ca | ||
| 101 | 0 | _arus | |
| 102 | _aRU | ||
| 105 | _ay|||z|||000yy | ||
| 181 | 0 |
_ai _baxxe |
|
| 182 | 0 | _an | |
| 200 | 1 |
_aКуряне в Русской Америке _fА. В. Зорин _gКурский государственный областной музей археологии |
|
| 203 |
_aТекст _bвизуальный _cнепосредственный |
||
| 210 |
_aКурск _c[б. и.] _d2000 |
||
| 215 |
_a12 с. _d21 |
||
| 300 | _aНа обл. авт. не указан | ||
| 606 | 1 |
_aРусские _yСоединенные Штаты Америки _91541696 _3RU\NLR\AUTH\66973436 |
|
| 686 | 1 | _aТ3(7США9=Р)0,02 | |
| 700 | 1 |
_aЗорин _bА. В. |
|
| 942 | _cBOOK | ||
| 980 | _aNB | ||